| 000 | 00781nam a2200217 i 4500 | ||
|---|---|---|---|
| 001 | 187471 | ||
| 003 | SpMaBN | ||
| 005 | 20230906222933.0 | ||
| 008 | 170707s1991 sp ac c |||| | cat d | ||
| 080 | _a73/75 Canyelles, Pep (083.824) | ||
| 100 | 1 |
_aCanyelles, Pep ( _d1949-) _9163394 |
|
| 245 | 1 | 0 |
_aPep Canyelles _b: escultures i pintures : [exposición] Sala Gaspar-Barcelona : juny-juliol-1991. |
| 260 |
_aBarcelona : _bSala Gaspar : _bDanés, _c[1991] |
||
| 300 |
_a[48] p. : _bprincipalmente il. col., 1 retr. ; _c22 x 24 cm. |
||
| 600 | 1 | 7 |
_aCanyelles, Pep ( _d1949)- _vExposiciones. _9163395 |
| 655 | 7 |
_2tgfbne _9193628 _aCatálogos de exposiciones |
|
| 710 | 2 |
_aSala Gaspar. _96478 |
|
| 852 |
_aES-MaACL _jL-31796 |
||
| 942 | _2udc | ||
| 999 |
_c187471 _d187471 |
||